| 000 | 00759nam a22001817a 4500 | ||
|---|---|---|---|
| 003 | OSt | ||
| 005 | 20260121010412.0 | ||
| 008 | 260121b |||||||| |||| 00| 0 eng d | ||
| 040 |
_aDWCL GS library _cOC |
||
| 100 | _aAlder, Susan S. | ||
| 245 |
_ameet samantha _ban american girl |
||
| 260 |
_aNew York _bAmerican Girl Publishing, Inc., Middleton, WI, 1998 _cc1986 |
||
| 300 |
_a61 _bimages and illustrations _c22cm |
||
| 520 | _aIn 1904, nine-year-old Samantha, an orphan living with her wealthy grandmother, and her servant friend Nellie have a midnight adventure when they try to find out what has happened to the seamstress who suddenly left her job | ||
| 546 | _aEnglish | ||
| 700 | _aNancy Niles | ||
| 942 |
_2ddc _cFIC. _hFic. A361m _n0 |
||
| 999 |
_c7610 _d7610 |
||